| 000 | 01147nam a2200289Ia 4500 | ||
|---|---|---|---|
| 003 | OSt | ||
| 005 | 20221005105921.0 | ||
| 006 | a|||||r|||| 00| 0 | ||
| 007 | ta | ||
| 008 | 221004b |||||||| |||| 00| 0 hin d | ||
| 020 | _c75 | ||
| 024 | _a92587 | ||
| 037 |
_b530, 19/03/2009, Vani Prakashan _cTextual |
||
| 040 |
_aCRL _cCRL _bhin |
||
| 041 |
_2hin _ahin |
||
| 082 | _aO158,6M29w, 152N1 | ||
| 100 | _aनियोग, महेश्वर | ||
| 245 | 0 | _aआनंदराम ढेकियाल फूकन | |
| 246 | _aĀnandarām ḍhekiyāl fūkana | ||
| 260 |
_aनई दिल्ली _bसाहित्य अकादेमी भारत _c1991 |
||
| 300 |
_a51पृ0 _ccm. |
||
| 490 | _aभारतीय साहित्य के निर्माता | ||
| 650 | _aअसमी कहानी | ||
| 700 | _a गंगा प्रसाद विमल, अनु. | ||
| 942 |
_hO158,6M29w, 152N1 _cTEXL _2cc |
||
| 999 |
_c1017270 _d1017270 |
||